Surviving Prostate Cancer Without Surgery / (رقم التسجيلة. 126281)

تفاصيل مارك
000 -الفاتح
عناصر البيانات ثابتة الطول 00521cam a2200181 i 4500
005 - تاريخ ووقت آخر معاملة
حقل ضبط 20260219123510.0
008 - عناصر البيانات ثابتة الطول
عناصر البيانات ثابتة الطول 250721s2005 xxc gr 000 0 eng d
020 ## - الترقيم الدولي المعياري للكتب (ردمك)
الترقيم الدولي المعياري للكتب (ردمك) 971745412
082 14 - رقم تصنيف ديوي العشري
رقم التصنيف 616.994
رقم المادة H E N
100 1# - مدخل رئيسي – اسم شخصي
الاسم الشخصي hennenfent, bradley
علاقة الشخص بالعمل/ دوره author.
245 10 - بيان العنوان
العنوان Surviving Prostate Cancer Without Surgery /
بيان المسؤولية Bradley Hennenfent M.D.
264 31 - بيانات النشر، التوزيع…إلخ
مكان النشر، التوزيع...إلخ [NEWYORK] :
اسم الناشر، الموزع...إلخ ROSEVILLE BOOKS,
تاريخ النشر، التوزيع...إلخ 2005.
300 ## - الوصف المادي
عدد الوحدات المكونة للوعاء 322 Pages.
650 17 - مدخل إضافي بالموضوع - مصطلح موضوعي
مصطلح موضوعي أو اسم جغرافي كعنصر مدخل CANCER.
650 17 - مدخل إضافي بالموضوع - مصطلح موضوعي
مصطلح موضوعي أو اسم جغرافي كعنصر مدخل PROSTATE.
942 ## - بيانات إضافية (كوها)
نوع التنصيف Dewey Decimal Classification
نوع المادة (كوها) كتب
المقتنيات
حالة السحب حالة الفقدان مصدر التصنيف حالة التلف غير قابل للإعارة المكتبة الرئيسية المكتبة الحالية موقع الرف تاريخ التزويد رقم المخزون Total Checkouts رقم الإستدعاء الباركود تاريخ آخر ظهور تاريخ الفاتورة نوع المادة (كوها)
    Dewey Decimal Classification     المكتبة المركزية المكتبة المركزية الإعارة 28/07/2025 1541426   616.994 / H E N PLD00262297 28/07/2025 28/07/2025 كتب
Implemented & Customized by: BBB with SCIT (Smart Chains for Information Technology)

Powered by Koha